000
00258nam a22001097a 4500
082
_a
620.1126 FRA'A
100
_a
HAHN, G. T,AVERBACH, B. L,FELBECK, D. K
_9
58342
245
_a
FRACTURE
260
_a
NEWYORK
_b
JOHN WILEY
_c
1959
300
_a
646P
942
_c
BK
999
_c
568536
_d
568536